| 000 | 00902nas a2200301 4500 | ||
|---|---|---|---|
| 001 | BR2018000775 | ||
| 003 | BR-BrBNA | ||
| 005 | 20231205131309.0 | ||
| 007 | ta | ||
| 008 | 230509b bl.|||p| |||| 00| 00por d | ||
| 040 |
_aBR-BrBNA _bpor _cBiblioteca Nacional de Agricultura |
||
| 041 | _a(En) | ||
| 072 | _aP40 | ||
| 100 | 1 | _aWilliams, E. | |
| 100 | 1 | _aDall'Antonia, A. | |
| 100 | 1 | _aDall'Antonia, V. | |
| 100 | 1 | _aAlmeida, J.M. | |
| 100 | 1 | _aSuarez, F. | |
| 100 | 1 | _aLiebmann, B. | |
| 100 | 1 | _aMalhado, A.C.M. | |
| 245 | 1 | _aThe drought of the century in the Amazon basin: an analysis of the regional variation of rainfall in south America in 1926 | |
| 650 | _aCHUVA | ||
| 650 | _aSECA | ||
| 650 | _aCLIMA | ||
| 773 | 0 |
_tActa Amazônica (Brazil) _xISSN 0044-5967 _g(Apr 2005), v. 35(2) p. 231-238 _wBR2018000775 |
|
| 909 |
_a202311 _bLúcia _c55 _dLúcia Elande |
||
| 942 |
_2AGRIS _n0 _cANA |
||
| 999 |
_c254047 _d254047 |
||